| 000 | 00620nam a2200217Ia 4500 | ||
|---|---|---|---|
| 003 | GCL | ||
| 008 | 140319s9999 xx 000 0 ara d | ||
| 040 |
_aGCL / _cGCL |
||
| 082 | 0 | 4 |
_a962.04 _bز م |
| 100 | 1 | _aزاهر رياض | |
| 245 | 1 | 0 |
_aالمسيحيون والقومية المصرية / _cزاهر رياض |
| 260 |
_a[S.N] : _bدار الثقافة العربية ، _c1979 |
||
| 300 | _a198 ص | ||
| 490 | _a | ||
| 650 | 0 | 4 | _aمصر |
| 650 | 0 | 4 | _aالتاريخ الحديث |
| 650 | 0 | 4 | _aالاقباط |
| 650 | 0 | 4 | _aالقرن التاسع عشر |
| 650 | 0 | 4 | _aالانتماء |
| 942 |
_2ddc _cBK |
||
| 999 |
_c30232 _d30232 |
||